Online
Catalog

Cuentos / (Record no. 8839)

MARC details
000 -CABECERA
campo de control de longitud fija 00581cam a2200193 a 4500
001 - NÚMERO DE CONTROL
campo de control 000009075
005 - FECHA Y HORA DE LA ÚLTIMA TRANSACCIÓN
campo de control 20200929161500.0
008 - DATOS DE LONGITUD FIJA--INFORMACIÓN GENERAL
campo de control de longitud fija 750319s1973 ck 001 0 spa
040 ## - FUENTE DE LA CATALOGACIÓN
Centro catalogador/agencia de origen DO-SdBNP
Lengua de catalogación spa
Centro/agencia transcriptor BHPHU
082 ## - NÚMERO DE LA CLASIFICACIÓN DECIMAL DEWEY
Número de clasificación Co863.44
Número de documento/Ítem C313c
100 1# - ENTRADA PRINCIPAL--NOMBRE DE PERSONA
Nombre de persona Carrasquilla, Tomás,
Fechas asociadas al nombre 1858-1940.
9 (RLIN) 23724
245 10 - MENCIÓN DE TÍTULO
Título Cuentos /
Mención de responsabilidad, etc. Tomás Carrasquilla.
260 ## - PUBLICACIÓN, DISTRIBUCIÓN, ETC.
Lugar de publicación, distribución, etc. Colombia :
Nombre del editor, distribuidor, etc. Bedout,
Fecha de publicación, distribución, etc. [1973].
300 ## - DESCRIPCIÓN FÍSICA
Extensión 386 p. ;
Dimensiones 19 cm.
490 1# - MENCIÓN DE SERIE
Mención de serie Bolsilibros Beudout
Designación de volumen o secuencia 1
650 #4 - PUNTO DE ACCESO ADICIONAL DE MATERIA--TÉRMINO DE MATERIA
Término de materia o nombre geográfico como elemento de entrada Cuentos colombianos
9 (RLIN) 21475
650 #4 - PUNTO DE ACCESO ADICIONAL DE MATERIA--TÉRMINO DE MATERIA
Término de materia o nombre geográfico como elemento de entrada Literatura colombiana
9 (RLIN) 1244
830 #0 - PUNTO DE ACCESO ADICIONAL DE SERIE-TÍTULO UNIFORME
Título uniforme Bolsilibros Beudout
Designación de volumen o secuencia 1
9 (RLIN) 23725
Holdings
Estado de retiro Estado de pérdida Restricciones de uso No para préstamo Código de colección Localización permanente Ubicación/localización actual Ubicación en estantería Fecha de adquisición Número de inventario Total de préstamos Signatura topográfica completa Código de barras Fecha visto por última vez Precio válido a partir de Tipo de ítem Koha Número de copia
    Préstamo interno   Monografías: Libros y Folletos General General En catalogación 25.09.2009 LF1   Co863.44 C313c 9075-10 25.06.2020 25.06.2020 Préstamo interno  
    Préstamo restringido Préstamo restrigido Monografías: Libros y Folletos General General En catalogación 27.04.2010 LF1   Co863.44 C313c 9075-20 25.06.2020 25.06.2020 Préstamo interno e.2

Powered by Koha